AQA GCSE Spanish: Future plans - Statistics

General Stats
  • This quiz has been taken 10 times
  • The average score is 16 of 54
Answer Stats
Hint Answer % Correct
la ambicion ambition
78%
decidir decide
78%
la educacion education
78%
el futuro / el porvenir future
78%
la universidad university
78%
comunicar communicate
67%
independiente independent
67%
la intencion intention
67%
el proposito intention / purpose
67%
el plan plan
67%
planear plan
67%
estudiar to study
67%
la ocasion opportunity / occasion
56%
la posibilidad possibility
56%
posible possible
56%
el entusiasmo enthusiasm
44%
los planes para el futoro future plans
44%
ideal ideal
44%
el motivo motive
44%
la oportunidad opportunity
44%
el proyecto project
44%
el sueno dream
33%
sonar dream
33%
la independiencia independence
33%
la habilidad skill / ability
33%
ahorrar to save / save (money) / save
33%
emigrar emigrate
22%
la meta goal
22%
aconsejar to advise / advise
22%
la preocupacion worry
22%
la confianza confidence
11%
la licenciatura degree / title
11%
disenar design
11%
el diseno design
11%
las perspectivas hope
11%
la pesadilla nightmare
11%
la expectativa prospects
11%
la sugerencia suggestion
11%
hacerse / llegar a ser to become
11%
lograr achieve
0%
el objetivo aim
0%
asegurar assure / insure
0%
la orientacion profesional careers advice
0%
el titulo degree
0%
merecer deserve
0%
hacer un curso do a course
0%
cobrar earn
0%
previsto forseen / planned
0%
tomarse un ano libre / sabatico gap year
0%
ponerse a start
0%
el paso step
0%
apto suitable / capable
0%
aprovecharse take advantage / make the most of
0%
tener ganas want / wish
0%
No matching quizzes found
Score Distribution
Percent of People with Each Score
Percentile by Number Answered
Your Score History
You have not taken this quiz